000 00342pab a2200145 454500
008 180718b1988 xxu||||| |||| 00| 0 eng d
100 _aSingh, Anup Kumar
245 _aCulture and management revisited
260 _c1988
300 _a45-50
362 _aJul.
650 _aManagement
773 _aMDI Management Journal
909 _a13078
999 _c13078
_d13078